The future role of the quantity surveyor (Record no. 88227)

MARC details
000 -LEADER
fixed length control field 00453cam a2200181 4500
001 - CONTROL NUMBER
control field D15420
008 - FIXED-LENGTH DATA ELEMENTS--GENERAL INFORMATION
fixed length control field 090401t1971 xxu||||| |||| 00| 0 eng d
035 ## - SYSTEM CONTROL NUMBER
System control number (Sirsi) u22679
041 ## - LANGUAGE CODE
Language code of text/sound track or separate title eng
110 ## - MAIN ENTRY--CORPORATE NAME
Corporate name or jurisdiction name as entry element Royal Institution of Chartered Surveyors
9 (RLIN) 4900
245 #4 - TITLE STATEMENT
Title The future role of the quantity surveyor
260 ## - PUBLICATION, DISTRIBUTION, ETC.
Name of publisher, distributor, etc. RICS
Date of publication, distribution, etc. 1971
300 ## - PHYSICAL DESCRIPTION
Extent 22p
350 ## - PRICE (NR) (BK AM CF MU VM SE) [OBSOLETE]
Price 0.75
520 ## - SUMMARY, ETC.
Summary, etc. Filed in box 1971/12 ABCD
942 ## - ADDED ENTRY ELEMENTS (KOHA)
Suppress in OPAC 0
948 ## - LOCAL PROCESSING INFORMATION (OCLC); SERIES PART DESIGNATOR (RLIN)
c (OCLC) 04/03/1997
Holdings
Withdrawn status Lost status Source of classification or shelving scheme Damaged status Not for loan Home library Current library Shelving location Date acquired Cost, normal purchase price Total Checkouts Full call number Barcode Date last seen Date last checked out Copy number Cost, replacement price Price effective from Koha item type
    Other/Generic Classification Scheme     London London RICS Boxes 16/08/1991 0.75 19 RICS 1971/12 30005715 06/08/2019 24/03/2009 1 0.75 06/08/2019 Book
    Other/Generic Classification Scheme     London London RICS Boxes 16/08/1991 0.75 8 RICS 1971/12 30071176 06/08/2019 11/08/2009 2 0.75 06/08/2019 Book
    Other/Generic Classification Scheme     London London RICS Boxes 14/09/1999 0.75   RICS 1971/12 30005723 06/08/2019   3 0.75 06/08/2019 Reference material
    Other/Generic Classification Scheme     London London RICS Boxes 21/08/1991 0.75   RICS 1971/12 30010721 06/08/2019   4 0.75 06/08/2019 Reference material